书目信息 |
| 题名: |
部长与国家
|
|
| 作者: | 何建明 著 | |
| 分册: | ||
| 出版信息: | 北京 新世界出版社 2006.01 |
|
| 页数: | 301页 | |
| 开本: | 24cm | |
| 丛书名: | ||
| 单 册: | ||
| 中图分类: | I25 | |
| 科图分类: | ||
| 主题词: | 世界--中国--当代 | |
| 电子资源: | ||
| ISBN: | 7-80187-900-7 | |
| 000 | 00728nam2 2200241 450 | |
| 005 | 20100715170643.21 | |
| 010 | @a7-80187-900-7@dCNY36.00 | |
| 100 | @a20100515d2006 ekmy0chiy0120 ea | |
| 101 | 0 | @achi |
| 102 | @aCN@b110000 | |
| 105 | @ay z 000zy | |
| 200 | 1 | @a部长与国家@ABu Chang Yu Guo Jia@e共和国"红色经典"故事@f何建明著 |
| 205 | @a第2版 | |
| 210 | @a北京@c新世界出版社@d2006.01 | |
| 215 | @a301页@d24cm | |
| 330 | @a一部记录共和国最壮观、最伟大的建设史诗。 | |
| 333 | @a读者对象:文学爱好者 | |
| 517 | 1 | @a共和国"红色经典"故事@Agong he guo"hong se jing dian"gu shi |
| 606 | 0 | @a世界@y中国@z当代 |
| 690 | @aI25@v4 | |
| 701 | 0 | @a何建明@AHe Jian Ming@4著 |
| 801 | @aCN@c20100515 | |
| 905 | @dI25@eH184-3=2@f3 | |
| 部长与国家:共和国"红色经典"故事/何建明著.-第2版.-北京:新世界出版社,2006.01 |
| 301页;24cm |
| 使用对象:读者对象:文学爱好者 |
| ISBN 7-80187-900-7:CNY36.00 |
| 一部记录共和国最壮观、最伟大的建设史诗。 |
| ● |
| 相关链接 |
|
|
|
正题名:部长与国家
索取号:I25/H184-3=2
 
预约/预借
| 序号 | 登录号 | 条形码 | 馆藏地/架位号 | 状态 | 备注 |
| 1 | 992280 | 209922805 | 文学库108/108文学库 65排5列2层/ [索取号:I25/H184-3=2] | 在馆 | |
| 2 | 992281 | 209922814 | 文学库108/108文学库 65排5列2层/ [索取号:I25/H184-3=2] | 在馆 | |
| 3 | 992282 | 209922823 | 文学库108/108文学库 65排5列2层/ [索取号:I25/H184-3=2] | 在馆 |